000 00462nam a2200181Ia 4500
003 GCL
008 140319s9999 xx 000 0 eng d
040 _aGCL /
_cGCL
082 0 4 _a310
_bF A
100 1 _aFRANCHET, YVES
245 1 0 _aACP, ALA, MED, BASIC STATISTICS 1996 /
_cFRANCHET, YVES
260 _a[S.N] :
_bEUROSTAT ،
_c1996
300 _a269 P
650 0 4 _aSTATISTICS
650 0 4 _aSOCIAL SCIENCE
650 0 4 _aBASIC STATISTICS
942 _2ddc
_cBK
999 _c13484
_d13484